Statistiques concernant Les 5 Capitales les plus proches de Kiev, Varsovie, Chisinau, Bucarest et Sofia

Cliquez ici pour prendre le quiz!

Statistiques générales

  • Ce quiz a été pris 101 fois
  • Le résultat moyen est 13 sur 15

Statistiques - réponses

Réponse% Correct
Sofia
98%
Bucarest
97%
Chisinau
96%
Varsovie
95%
Berlin
92%
Kiev
92%
Minsk
92%
Prague
89%
Budapest
88%
Vilnius
85%
Belgrade
82%
Bratislava
82%
Skopje
77%
Pristina
75%
Tirana
69%

Distribution des résultats

Percentile par nombre de réponses

% des personnes avec chaque résultat

Votre développement - résultats

Vous n’avez pas pris ce quiz